Online Catalogue and eLibrary

Violence against women and their quest for justice (Record no. 2908)

MARC details
000 -LEADER
fixed length control field 00486nam a2200193Ia 4500
005 - DATE AND TIME OF LATEST TRANSACTION
control field 20240605063203.0
008 - FIXED-LENGTH DATA ELEMENTS--GENERAL INFORMATION
fixed length control field 240331s9999 xx 000 0 und d
020 ## - INTERNATIONAL STANDARD BOOK NUMBER
ISBN 9698408312
082 ## - DDC Classification
Item Number - Author Mark ZIA
Class No. 362
100 ## - MAIN ENTRY--PERSONAL NAME
Personal name Zia, S
245 #0 - TITLE STATEMENT
Title Violence against women and their quest for justice
250 ## - EDITION STATEMENT
Edition statement 2 nd
260 ## - PUBLICATION, DISTRIBUTION, ETC.
Place of publication, distribution, etc. Lahore
Name of publisher, distributor, etc. Simorgh Women's Education and Publication
Date of publication, distribution, etc. 1998
300 ## - PHYSICAL DESCRIPTION
Extent (e.g. Volumes, Pages etc.) iv,99 p.,
650 ## - SUBJECT ADDED ENTRY--TOPICAL TERM
Topical term or geographic name entry element Women
650 ## - SUBJECT ADDED ENTRY--TOPICAL TERM
Topical term or geographic name entry element Justice
650 ## - SUBJECT ADDED ENTRY--TOPICAL TERM
Topical term or geographic name entry element Violence
942 ## - Koha item type (Biblio)
Koha item type Books in Stacks (Lending)
Holdings
Lost status Damaged status Collection code Home library Current library Shelving location Date acquired Full call number Accession Number Item type
    Lending WERC Library WERC Library Social Science Cupboard 03/31/2024 362 ZIA 4965 Books in Stacks (Lending)

© WERC Library